000 00242cam a22000857a 4500
008 180718b1946 xxu||||| |||| 00| 0 eng d
082 _aU61x42 CW
245 _aCable and wireless act, 1946
260 _aLondon
_bHer Majesty's Stationery office
_c1946
999 _c427842
_d427842